000
00316nam a2200133Ia 4500
005
20251222144908.0
008
251222s9999||||xx |||||||||||||| ||spa||
020
_a
84-8316-606-2
082
_a
371.42/P86
100
_a
Prieto, Ana
245
0
_a
TutorĂa de Valores para Secundaria 2
264
_b
CCS
942
_c
LIB
999
_c
22241
_d
22241